Electricité médicale / (Record no. 193700)

MARC details
000 -LEADER
campo de control de longitud fija 01462nam a2200385 i 4500
001 - NÚMERO DE CONTROL
campo de control 193700
003 - IDENTIFICADOR DE NÚMERO DE CONTROL
campo de control ES-MaACL
005 - FECHA Y HORA DE LA ÚLTIMA TRANSACCIÓN
campo de control 20240208063126.0
007 - CAMPO FIJO DE DESCRIPCIÓN FÍSICA--INFORMACIÓN GENERAL
campo de control de longitud fija ta
008 - DATOS DE LONGITUD FIJA--INFORMACIÓN GENERAL
campo de control de longitud fija 240206s1910||||fr a freb 000 0 fre d
035 ## - NÚMERO DE CONTROL DEL SISTEMA
Número de control de sistema (OCoLC)14784689
035 ## - NÚMERO DE CONTROL DEL SISTEMA
Número de control de sistema ocm14784689
035 ## - NÚMERO DE CONTROL DEL SISTEMA
Número de control de sistema CG019802170901P
035 ## - NÚMERO DE CONTROL DEL SISTEMA
Número de control de sistema 019985517
040 ## - FUENTE DE CATALOGACIÓN
Centro catalogador/agencia de origen ABES
Lengua de catalogación fre
Normas de descripción AFNOR
Centro/agencia transcriptor ES-MaACL
100 1# - ENTRADA PRINCIPAL--NOMBRE DE PERSONA
Nombre de persona Breton, Jules-Louis,
Fechas asociadas al nombre 1872-1940
9 (RLIN) 235057
245 10 - MENCIÓN DEL TÍTULO
Título Electricité médicale /
Mención de responsabilidad, etc. par J. L. Breton et Dr. Jacques Vaillant.
264 #1 - PRODUCCIÓN, PUBLICACIÓN, DISTRIBUCIÓN, FABRICACIÓN Y COPYRIGHT
Producción, publicación, distribución, fabricación y copyright Paris :
Nombre del de productor, editor, distribuidor, fabricante Librairie des Sciences et de l'Industrie :
-- L. Geisler, imprimeur-éditeur,
Fecha de producción, publicación, distribución, fabricación o copyright 1910.
300 ## - DESCRIPCIÓN FÍSICA
Extensión 159 páginas ;
Otras características físicas ilustraciones ;
Dimensiones 25 cm.
336 ## - TIPO DE CONTENIDO
Código de tipo de contenido txt
Fuente rdacontent
Término de tipo de contenido texto
337 ## - TIPO DE MEDIO
Código del tipo de medio n
Fuente rdamedia
Nombre/término del tipo de medio sin mediación
337 ## - TIPO DE MEDIO
Código del tipo de medio n
Fuente isbdmedia
Nombre/término del tipo de medio sin mediación
338 ## - TIPO DE SOPORTE
Código del tipo de soporte nga
Fuente RDAfrCarrier
Nombre/término del tipo de soporte volumen
490 1# - MENCIÓN DE SERIE
Mención de serie Encyclopédie électrotechnique ;
Designación de volumen o secuencia [Fasc.] 51
504 ## - NOTA DE BIBLIOGRAFÍA, ETC.
Nota de bibliografía, etc. Notes bibliogr. en bas de page.
561 ## - PROPIEDAD E HISTORIA DE CUSTODIA/NOTA DE PROCEDENCIA
Institución que aplica el campo 912722101:605879699
Historial Tampon de la Société Française des Electriciens , don de Mr Robard
650 #7 - PUNTO DE ACCESO ADICIONAL DE MATERIA--TÉRMINO DE MATERIA
Término de materia o nombre geográfico como elemento de entrada Electricidad
Subdivisión general En Medicina
9 (RLIN) 235058
650 #4 - PUNTO DE ACCESO ADICIONAL DE MATERIA--TÉRMINO DE MATERIA
Término de materia o nombre geográfico como elemento de entrada Electroterapia
9 (RLIN) 12170
700 1# - ENTRADA AGREGADA--NOMBRE PERSONAL
Nombre de persona Vaillant, Jacques,
Fechas asociadas al nombre 18..-....
9 (RLIN) 235059
830 ## - PUNTO DE ACCESO ADICIONAL DE SERIE-TÍTULO UNIFORME
Título uniforme Encyclopédie électrotechnique ;
Designación de volumen o secuencia 51
9 (RLIN) 235039
852 ## - LOCALIZACIÓN
Ubicación ES-MaACL
Sublocalización o colección R.M.8258
Número de control de estantería D-8712
Ubicación en estantería Sala Valle Inclán
itemnumber 201227
942 ## - ELEMENTOS DE ENTRADA SECUNDARIOS (KOHA)
Suprimir en OPAC No
Tipo de ítem Koha Libro impreso
Holdings
Estatus retirado Estado de pérdida Fuente del sistema de clasificación o colocación Estado de daño No para préstamo Biblioteca de origen Biblioteca actual Ubicación en estantería Fecha de adquisición Número de inventario Total de préstamos Signatura topográfica completa Código de barras Visto por última vez Precio de reemplazo Tipo de ítem Koha
    Clasificación decimal universal     Biblioteca del Ateneo de Madrid Biblioteca del Ateneo de Madrid Sala Valle Inclán 06/02/2024 R.M.8258   D-8712 1012066603 06/02/2024 06/02/2024 Libro impreso